| 000 | 00607nam a2200217Ii 4500 | ||
|---|---|---|---|
| 003 | JO-AjNU | ||
| 008 | 230606s9999||||xx |||||||||||||| ||und|| | ||
| 020 | _a81-239-0450-9 | ||
| 040 |
_aJO-AjNU _beng _erda _cJO-AjNU |
||
| 041 | _aeng | ||
| 050 | 1 | 4 | _aTH145..S56.2012 |
| 100 | 3 |
_aSingh, Suraj, _eauthor _93875 |
|
| 245 | 0 | 0 | _aCivil Engineering Building Practice |
| 250 | _a1 ed | ||
| 264 | 3 | 1 | _aNewDelhi:cbc,2012 |
| 300 | _a648p | ||
| 336 |
_atext _btxt _2rdacontent |
||
| 337 |
_aunmediated _bn _2rdamedia |
||
| 338 |
_avolume _bnc _2rdacarrier |
||
| 650 | 4 |
_aCivil Engineering Building Practice _93876 |
|
| 999 |
_aE2021 _c2020 _d2020 |
||